<?xml version="1.0" encoding="UTF-8"?>
<collection xmlns="http://www.loc.gov/MARC21/slim">
 <record>
  <leader>02132nam a2200349 a 4500</leader>
  <controlfield tag="001">1/39843</controlfield>
  <controlfield tag="008">100517s2009    fr a     b   i000 0 eng d</controlfield>
  <datafield tag="020" ind1=" " ind2=" ">
   <subfield code="a">9789282102244</subfield>
  </datafield>
  <datafield tag="035" ind1=" " ind2=" ">
   <subfield code="l">42565</subfield>
  </datafield>
  <datafield tag="040" ind1=" " ind2=" ">
   <subfield code="a">EQO</subfield>
   <subfield code="c">EQO</subfield>
   <subfield code="d">FHATR</subfield>
   <subfield code="d">DLC</subfield>
   <subfield code="d">GR-PeUP</subfield>
  </datafield>
  <datafield tag="082" ind1="0" ind2="0">
   <subfield code="a">387.1 POR</subfield>
  </datafield>
  <datafield tag="245" ind1="0" ind2="0">
   <subfield code="a">Port competition and hinterland connections.</subfield>
  </datafield>
  <datafield tag="260" ind1=" " ind2=" ">
   <subfield code="a">[Paris] :</subfield>
   <subfield code="b">OECD/ITF</subfield>
   <subfield code="c">c2009.</subfield>
  </datafield>
  <datafield tag="300" ind1=" " ind2=" ">
   <subfield code="a">168 σ. :</subfield>
   <subfield code="b">εικ. ;</subfield>
   <subfield code="c">27 εκ.</subfield>
  </datafield>
  <datafield tag="490" ind1="1" ind2=" ">
   <subfield code="a">Round table ;</subfield>
   <subfield code="v">143</subfield>
  </datafield>
  <datafield tag="500" ind1=" " ind2=" ">
   <subfield code="a">&quot;Transport Research Centre&quot;--Cover.</subfield>
  </datafield>
  <datafield tag="520" ind1="3" ind2=" ">
   <subfield code="a">This Round Table publication discusses the policy and regulatory challenges posed by the rapidly changing port environment. The sector has changed tremendously in recent decades with technological and organisational innovation and a powerful expansion of trade. Although ports serve hinterlands that now run deep into continents, competition among ports is increasingly intense and their bargaining power in the supply chain has consequently weakened. Greater port throughput is meeting with increasing resistance from local communities because of pollution and congestion. In addition, local regulation is warranted but made difficult by the distribution of bargaining power among stakeholders. Higher-level authorities could develop more effective policies.</subfield>
  </datafield>
  <datafield tag="504" ind1=" " ind2=" ">
   <subfield code="a">Περιέχει βιβλιογραφικές αναφορές.</subfield>
  </datafield>
  <datafield tag="650" ind1=" " ind2="4">
   <subfield code="a">Harbors</subfield>
   <subfield code="x">Economic aspects.</subfield>
  </datafield>
  <datafield tag="650" ind1=" " ind2="4">
   <subfield code="a">Shipping.</subfield>
  </datafield>
  <datafield tag="650" ind1=" " ind2="4">
   <subfield code="a">Marine terminals</subfield>
   <subfield code="x">Economic aspects.</subfield>
  </datafield>
  <datafield tag="650" ind1=" " ind2="4">
   <subfield code="a">Transportation.</subfield>
  </datafield>
  <datafield tag="650" ind1=" " ind2="4">
   <subfield code="a">Commercial geography.</subfield>
  </datafield>
  <datafield tag="650" ind1=" " ind2="7">
   <subfield code="a">Port operations</subfield>
   <subfield code="2">trt</subfield>
  </datafield>
  <datafield tag="710" ind1="2" ind2=" ">
   <subfield code="a">Transport Research Centre.</subfield>
  </datafield>
  <datafield tag="710" ind1="2" ind2=" ">
   <subfield code="a">International Transport Forum.</subfield>
  </datafield>
  <datafield tag="710" ind1="2" ind2=" ">
   <subfield code="a">Organisation for Economic Co-operation and Development.</subfield>
  </datafield>
  <datafield tag="775" ind1="1" ind2=" ">
   <subfield code="t">Concurrence entre les ports et les liaisons terrestres avec l'arriαere-pays.</subfield>
   <subfield code="d">Paris : OCDE/FIT, c2009</subfield>
   <subfield code="z">9789282102299</subfield>
   <subfield code="w">(OCoLC)327096237</subfield>
  </datafield>
  <datafield tag="830" ind1=" " ind2=" ">
   <subfield code="a">Round table (Transport Research Centre)</subfield>
   <subfield code="v">143.</subfield>
  </datafield>
  <datafield tag="852" ind1=" " ind2=" ">
   <subfield code="a">INST</subfield>
   <subfield code="b">UNIPILB</subfield>
   <subfield code="c">MAIN</subfield>
   <subfield code="e">20100517</subfield>
   <subfield code="h">387.1 POR</subfield>
   <subfield code="p">00161236</subfield>
   <subfield code="q">00161236</subfield>
   <subfield code="t">LOAN</subfield>
   <subfield code="y">0</subfield>
   <subfield code="4">1</subfield>
  </datafield>
  <datafield tag="856" ind1="4" ind2="1">
   <subfield code="u">http://www.sourceoecd.org/9789282102244</subfield>
  </datafield>
  <datafield tag="856" ind1="4" ind2=" ">
   <subfield code="d">/webopac/covers/02/42565_9789282102244.jpg</subfield>
  </datafield>
 </record>
</collection>
